[Event "Warsaw YMCA Summer-B 277th"]
[Site "Warsaw"]
[Date "2023.07.25"]
[Round "5"]
[White "Rembecki, Robert"]
[Black "Kozera, Konrad"]
[Result "0-1"]
[WhiteElo "1366"]
[BlackElo "1202"]
[PlyCount "84"]
[EventDate "2023.07.04"]
[EventType "tourn"]
[EventRounds "10"]
[EventCountry "POL"]
[SourceTitle "EXT 2024"]
[Source "ChessBase"]
[SourceDate "2023.10.10"]
[SourceVersion "1"]
[SourceVersionDate "2023.10.10"]
[SourceQuality "1"]

1. b3 Nf6 2. Bb2 g6 3. Nf3 Bg7 4. e3 d6 5. h3 e5 6. d4 e4 7. Nfd2 d5 8. c4 c6 9. Ba3 Nbd7 10. cxd5 cxd5 11. Nc3 a6 12. Be2 Qa5 13. Qc1 b5 14. Bd6 Bb7 15. 0-0 Rc8 16. b4 Qb6 17. Bh2 0-0 18. Qb2 Qe6 19. Rfc1 Nb6 20. a4 Nc4 21. Nxc4 bxc4 22. a5 Nd7 23. b5 f5 24. b6 Rf7 25. Bf4 h6 26. g4 Qe7 27. Kh2 g5 28. Bc7 f4 29. Rf1 f3 30. Bd1 Bf8 31. Ba4 Nf6 32. Rg1 h5 33. Be5 hxg4 34. Bxf6 Qxf6 35. Rxg4 Bd6+ 36. Kg1 Rh7 37. Kf1 Rxh3 38. Ke1 Qf5 39. Rg1 g4 40. Kd2 g3 41. Nd1 Rh2 42. Kc3 g2 0-1

[Event "Warsaw YMCA Summer-B 277th"]
[Site "Warsaw"]
[Date "2023.07.20"]
[Round "3"]
[White "Jaroszuk, Marcin"]
[Black "Rembecki, Robert"]
[Result "1/2-1/2"]
[WhiteElo "1493"]
[BlackElo "1366"]
[PlyCount "154"]
[EventDate "2023.07.04"]
[EventType "tourn"]
[EventRounds "10"]
[EventCountry "POL"]
[SourceTitle "EXT 2024"]
[Source "ChessBase"]
[SourceDate "2023.10.10"]
[SourceVersion "1"]
[SourceVersionDate "2023.10.10"]
[SourceQuality "1"]

1. Nf3 d5 2. g3 c5 3. Bg2 Nf6 4. 0-0 Nc6 5. d4 cxd4 6. Nxd4 e5 7. Nxc6 bxc6 8. c4 Be6 9. Nc3 Be7 10. Bg5 0-0 11. Bxf6 Bxf6 12. cxd5 cxd5 13. Nxd5 Bxd5 14. Qxd5 Qxd5 15. Bxd5 Rab8 16. b3 Rbc8 17. Rac1 Bg5 18. e3 Be7 19. Rfd1 g6 20. Kf1 Rfd8 21. Bc4 Ba3 22. Rb1 a5 23. Ke2 e4 24. Rd4 Rxd4 25. exd4 Kg7 26. Ke3 f5 27. h3 Kf6 28. g4 Ra8 29. gxf5 gxf5 30. Rd1 Ra7 31. f3 exf3 32. Kxf3 Re7 33. Rg1 Rg7 34. Rxg7 Kxg7 35. Kf4 Kf6 36. Bg8 h6 37. Bh7 Bd6+ 38. Kf3 Kg5 39. d5 f4 40. Bd3 Kh4 41. Bf5 Kg5 42. Bc8 Kh4 43. Bd7 Kg5 44. Ke4 Kh4 45. Kf3 Kg5 46. Bb5 Kh4 47. Kg2 Kg5 48. Be2 Kh4 49. Bg4 Kg5 50. Kf3 h5 51. Bc8 Kh4 52. Bd7 Kg5 53. Be8 h4 54. Ke4 Kf6 55. a3 Kg5 56. Bd7 Bxa3 57. Ke5 f3 58. Bg4 f2 59. Be2 Bb2+ 60. Ke4 Ba3 61. Kf3 Bc5 62. Bd3 Kh5 63. Kf4 Bd6+ 64. Kf5 Bc7 65. Be2+ Kh6 66. Kg4 Bg3 67. Bd3 Kg7 68. Kf3 Kf6 69. Ke4 Ke7 70. Kf3 Kd6 71. Bc4 Ke5 72. Kg2 Kd6 73. Kf1 Ke5 74. Ke2 Kd6 75. Kf1 Ke5 76. Ke2 Kd6 77. Kf1 Ke5 1/2-1/2

[Event "Warsaw YMCA Summer-B 218th"]
[Site "Warsaw"]
[Date "2019.08.01"]
[Round "8"]
[White "Jaroszuk, Marcin"]
[Black "Rembecki, Robert"]
[Result "1-0"]
[WhiteElo "1425"]
[BlackElo "1363"]
[PlyCount "47"]
[EventDate "2019.07.02"]
[EventType "tourn"]
[EventRounds "10"]
[EventCountry "POL"]
[SourceTitle "CBM 195 Extra"]
[Source "ChessBase"]
[SourceDate "2020.05.31"]
[SourceVersion "1"]
[SourceVersionDate "2020.05.31"]
[SourceQuality "1"]

1. f4 Nf6 2. Nf3 d5 3. e3 c5 4. Be2 Nc6 5. 0-0 e6 6. b3 d4 7. Bb2 Be7 8. Na3 0-0 9. Nc4 dxe3 10. dxe3 Nd5 11. Qe1 b5 12. Nce5 Nxe5 13. Nxe5 Nxe3 14. Bf3 Nd5 15. Nc6 Qc7 16. Nxe7+ Nxe7 17. Bxa8 Ba6 18. Bf3 b4 19. Qe5 Qxe5 20. Bxe5 Bxf1 21. Rxf1 Nd5 22. Bxd5 exd5 23. Bd6 Rc8 24. Re1 1-0

[Event "Warsaw YMCA Summer-B 203rd"]
[Site "Warsaw"]
[Date "2018.08.07"]
[Round "9"]
[White "Sloniewska, Alicja"]
[Black "Rembecki, Robert"]
[Result "1-0"]
[WhiteElo "1409"]
[BlackElo "1366"]
[PlyCount "53"]
[EventDate "2018.07.03"]
[EventType "tourn"]
[EventRounds "10"]
[EventCountry "POL"]
[SourceTitle "EXT 2021"]
[Source "ChessBase"]
[SourceDate "2020.10.23"]
[SourceVersion "1"]
[SourceVersionDate "2020.10.23"]
[SourceQuality "1"]

1. d4 Nf6 2. c4 g6 3. Nc3 d5 4. Bg5 dxc4 5. e4 Bg7 6. Bxc4 c6 7. a4 0-0 8. Nge2 Qa5 9. e5 Nd5 10. Bxd5 cxd5 11. Bxe7 Re8 12. b4 Qa6 13. Bg5 Qc4 14. 0-0 Na6 15. b5 Nb4 16. Rc1 Be6 17. Nf4 Na2 18. Nxa2 Qxa2 19. Rc7 Rac8 20. Nxe6 fxe6 21. Rxb7 Rf8 22. Rxa7 Rc2 23. Be3 Bh6 24. Qe1 Re2 25. Qc3 Bxe3 26. Qc7 Rexf2 27. Qg7# 1-0

[Event "Klementowice Gr-A 1st"]
[Site "Klementowice"]
[Date "2010.08.26"]
[Round "4.14"]
[White "Rembecki, Robert"]
[Black "Molenda, Marcin"]
[Result "1-0"]
[WhiteElo "2215"]
[BlackElo "1508"]
[PlyCount "113"]
[EventDate "2010.08.23"]
[EventType "swiss"]
[EventRounds "9"]
[EventCountry "POL"]
[SourceTitle "EXT 2023"]
[Source "ChessBase"]
[SourceDate "2022.10.05"]
[SourceVersion "1"]
[SourceVersionDate "2022.10.05"]
[SourceQuality "1"]

1. c4 e5 2. Nc3 Nf6 3. g3 c6 4. Bg2 d5 5. cxd5 cxd5 6. d4 exd4 7. Qxd4 Nc6 8. Qa4 Be6 9. Nf3 Qd7 10. 0-0 Bc5 11. Qc2 0-0 12. Ng5 Bf5 13. e4 dxe4 14. Ncxe4 Nxe4 15. Bxe4 Bxe4 16. Qxe4 g6 17. Qh4 h5 18. Ne4 Be7 19. Bg5 Bxg5 20. Qxg5 Qf5 21. Qxf5 gxf5 22. Nf6+ Kg7 23. Nxh5+ Kg6 24. Nf4+ Kg7 25. Rad1 Rh8 26. Rd7 Ne5 27. Rxb7 Nf3+ 28. Kg2 Nxh2 29. Rh1 Ng4 30. Rxh8 Rxh8 31. Nh3 a6 32. Ra7 Rh6 33. b4 Rb6 34. a3 Ne5 35. Rc7 Rd6 36. Rc5 Kf6 37. Nf4 Ng6 38. Nd5+ Ke6 39. Nc7+ Kd7 40. f4 Ne7 41. a4 Rb6 42. b5 axb5 43. Nxb5 Ra6 44. Rc4 Nd5 45. Rd4 Kc6 46. Rxd5 Rxa4 47. Rxf5 Kd7 48. Rxf7+ Ke6 49. Rg7 Kf6 50. Rg5 Rc4 51. Re5 Rc8 52. g4 Rd8 53. g5+ Kg6 54. Kg3 Rd1 55. Re6+ Kf5 56. Rf6+ Ke4 57. Nc3+ 1-0

[Event "Klementowice Gr-A 1st"]
[Site "Klementowice"]
[Date "2010.08.24"]
[Round "2.9"]
[White "Zadlo, Maciej"]
[Black "Rembecki, Robert"]
[Result "1-0"]
[WhiteElo "1639"]
[BlackElo "2215"]
[PlyCount "79"]
[EventDate "2010.08.23"]
[EventType "swiss"]
[EventRounds "9"]
[EventCountry "POL"]
[SourceTitle "EXT 2023"]
[Source "ChessBase"]
[SourceDate "2022.10.05"]
[SourceVersion "1"]
[SourceVersionDate "2022.10.05"]
[SourceQuality "1"]

1. e4 c5 2. c3 d5 3. exd5 Qxd5 4. d4 Nc6 5. Nf3 Nf6 6. dxc5 Qxd1+ 7. Kxd1 a5 8. Bb5 Bg4 9. Be3 e6 10. Nbd2 Rd8 11. Ke2 Be7 12. Nc4 0-0 13. Bxc6 bxc6 14. Nxa5 Rc8 15. b4 Nd5 16. Rhc1 Bf6 17. Bd2 e5 18. h3 Bd7 19. Nc4 Nc7 20. Kf1 Be6 21. Ncxe5 Bxe5 22. Nxe5 Nd5 23. c4 Ne7 24. a4 f6 25. Nf3 Nf5 26. a5 Rfd8 27. Be3 Rd3 28. b5 Nxe3+ 29. fxe3 cxb5 30. cxb5 Rd5 31. a6 Rcxc5 32. Rxc5 Rxc5 33. a7 Bd5 34. a8Q+ Bxa8 35. Rxa8+ Kf7 36. b6 Rb5 37. Rb8 h5 38. b7 g5 39. Rh8 g4 40. b8Q 1-0